000 00564cam a2200205 a 4500
020 _a0865314012 (pbk.)
040 _cDLC
082 0 0 _a633 WES 1983 A052 Or.
245 0 4 _aThe Role of Centrosema, Desmodium, and Stylosanthes in improving tropical pastures /
260 _aBoulder, Colo. :
_bWestview Press,
_cc1983.
300 _axxvii, 292 p. :
_bill. ;
_c23 cm.
650 0 _aLegumes
650 0 _aCentrosema
650 0 _aDesmodium
650 0 _aStylosanthes
650 0 _aPastures
650 0 _aTropical crops.
700 1 _aBurt, R. L.
942 _cEK
999 _c14692
_d14692